00482 a2200145 4500010001400000020002300014035001300037037001500050082001300065100002300078245009700101260005900198270005500257300002400312 aENG-88079 a8189877038c200.00 aEN-71612 bDBAD / PUB14a613.04331 aHulle, Suzanne Van1 aLiving a healthy lifestyle starts today ! :ba guide for adolescents /cby Suzanne Van Hulle aNew DelhibVoluntary Health Association of indiac2006 aB-40, Qutab Institutional AreabNew Delhie110 016 a104 p.c26 cm (Pbk)